100 let dobrovolných hasičů v Kravařích : 1900-2000 /

Hlavní autor: Petrzik, Walter
Korporativní autor: Sbor dobrovolných hasičů Kouty (Kravaře, Česko)
Další autoři: Šefčík, Erich, 1945-2004
Jazyk: Čeština
Vydáno: Kravaře : Sbor dobrovolných hasičů, 2000
Edice: Publikace Zámeckého muzea v Kravařích
Témata:
Fyzický popis: 1 nestr. sv. : il. ; 21 cm
Knihy
Uloženo v:
LEADER 01798nam a2200445 a 4500
001 000487077
003 CZ BrMZK
005 20211129172356.0
007 ta
008 010907s2000 xr e f cze d
015 |a cnb000886012 
020 |a 80-902526-6-4 
040 |a BOA001  |b cze 
043 |a e-xr---  |b e-xr-mo  |2 czenas 
072 7 |a 614.84  |x Požáry. Ochrana před požáry  |2 Konspekt  |9 14 
080 |a 614.842.83  |2 MRF 
080 |a 614.84  |2 MRF 
080 |a (437.326)  |2 MRF 
080 |a (036)  |2 MRF 
080 |a (082.2)  |2 MRF 
100 1 |a Petrzik, Walter  |4 aut 
245 1 0 |a 100 let dobrovolných hasičů v Kravařích :  |b 1900-2000 /  |c Walter Petrzik, Erich Šefčík 
246 3 |a Sto let dobrovolných hasičů v Kravařích 
260 |a Kravaře :  |b Sbor dobrovolných hasičů,  |c 2000 
300 |a 1 nestr. sv. :  |b il. ;  |c 21 cm 
490 1 |a Publikace Zámeckého muzea v Kravařích ;  |v č. 7/2000 
610 2 7 |a Sbor dobrovolných hasičů (Kravaře, Opava, Česko)  |7 kn20050131002  |2 czenas 
650 0 7 |a hasičské sbory  |7 ph162652  |z Česko  |y 1900-2000  |2 czenas 
650 0 7 |a hasičské sbory  |7 ph162652  |x dějiny  |2 czenas 
650 0 7 |a požární ochrana  |7 ph124487  |z Česko  |y 1900-2000  |2 czenas 
650 0 7 |a požární ochrana  |7 ph124487  |x dějiny  |2 czenas 
651 7 |a Kravaře (Opava, Česko)  |7 ge129675  |2 czenas 
655 7 |a informační publikace  |7 fd132454  |2 czenas 
655 7 |a jubilejní publikace  |7 fd131839  |2 czenas 
700 1 |a Šefčík, Erich,  |d 1945-2004  |7 xx0016710  |4 aut 
710 2 |a Sbor dobrovolných hasičů Kouty (Kravaře, Česko)  |7 kn20020322372 
830 0 |a Publikace Zámeckého muzea v Kravařích 
910 |a BOA001  |b 2-1074.889 
990 |a BK 
996 6 |b 2610118309  |c 2-1074.889  |l MZK  |r Sklad / do 1 hodiny  |n 3  |p p.v.  |w 000487077  |u 000010  |a 1  |e BOA001  |j MZK50  |s P